00630nam a2200193 a 450000100100000000500170001000800410002702000150006804000250008310000280010824500490013626000330018530000290021849000150024750400300026283000220029295201050031499900170041900004316520201002040704.0140220s1977 sp a 000 0 spa d a8472353273 aDO-SdBNPbspacBNPHU1 aGomá, Francesc97073510aConocer Freud y su obra. /cFrancesc Gomá. aBarcelona, :bDopesa,c1977. a142 ´. :bil. ;c19 cm.1 aConocerv2 aBibliografía p: 139-142 0aConocern2970736 001050718MOaGRbGRcCTd2014-02-20iLF1l0o p43165-10r2020-06-25w2020-06-25y1ZNo se presta c42654d42654